LEADER 01204nam a2200241 a 4500 001 000000112305 003 CaOOAMICUS 005 20080703112122.0 008 080703s2006 it m 000 u ita d 040 $aALF$bita$daaa$dPUL$dLDB 100 1 $aViva, Vincenzo,$d1970-$0(OLS)http://pul/name/69201 245 10$aIdentitā e rilevanza :$bl'argomento teologico-morale in bioetica : un'indagine storica in prospettiva sistematica /$cVincenzo Viva. 260 $aRomae :$b[s.n.],$c2006. 300 $a412 p. ;$c24 cm. 500 $aIn testa al front.: Pontificia Universitas Lateranensis, Academia Alfonsiana, Institutum Superius Theologiae Moralis 502 $aDissertazione: Pontificia Universitas Lateranensis. Academia Alfonsiana, 2006 504 $aBibliografia : p. [379]-407. 650 4$aBioetica.$0(OLS)http://pul/subject/2868 850 $aPUL 852 $aPUL$W1$xDP1 Tesi Acc. Alfonsiana$y28$m2006 B 27$j128209$qTesi$B127413$CPULBib$Z2$F127413 $82 941 1 $a16 996 $6245$aIdentitā e rilevanza :$bl'argomento teologico-morale in bioetica : un'indagine storica in prospettiva sistematica$9(OLS)http://pul/title/141147 996 $6260$aRomae :$b[s.n.]$9(OLS)http://pul/publisher/48223 LEADER 01357nam a2200265 a 4500 001 000000165126 003 CaOOAMICUS 005 20180123092324.0 008 180123s1996 it m u001 u eng r 032 $aLibriCat 040 $aPUL$bita 100 1 $aAsanbe, Jude Abidemi.$0(OLS)http://pul/name/106306 245 14$aThe authority of the diocesan bishop and the decisions of the Conference of bishops in the light of recent studies :$ban appraisal of C. 455, § 4 /$cJude Abidemi Asande. 260 $aRomae :$b[s.n.],$c1996. 300 $axiii, 276 p. ;$c24 cm. 502 $aTesi. Pontificia Universitas Urbaniana. Facultas Iuris Canonici. 1996. 504 $aBibliografia in nota a pič pagina. 650 4$aVescovi (diritto canonico).$0(OLS)http://pul/subject/1368 710 2 $aPontificia Universitā Urbaniana.$bFacoltā di diritto canonico$kTesi.$0(OLS)http://pul/name/84567 850 $aPUL 852 $aPUL$W1$xDP1 Tesi Pon. Univ. Urbaniana$y49$mTH URB 360$j189403$qTesi$B192457$CPULBib$Z2$F192457 $H75606 $81 941 1 $a16 996 $6245$aThe authority of the diocesan bishop and the decisions of the Conference of bishops in the light of recent studies :$ban appraisal of C. 455, § 4$9(OLS)http://pul/title/204816 996 $6260$aRomae :$b[s.n.]$9(OLS)http://pul/publisher/48223